000 00439cam a22001575a 4500
001 J100874
008 000000s1924 xxk 000 0 eng u
035 _a(Sirsi) u100874
110 _aAuctioneers' and Estate Agents' Institute of the United Kingdom
_93789
245 _aHousing - the common task. October 1924.
260 _c1924
300 _a29p.
651 4 _aUnited Kingdom
_y
690 _aResidential property
_96266
942 _n0
999 _c99894
_d99894